Your Erroneous Zones (Record no. 166923)
[ view plain ]
| 000 -LEADER | |
|---|---|
| fixed length control field | 00386nam a2200157Ia 4500 |
| 005 - DATE AND TIME OF LATEST TRANSACTION | |
| control field | 20230825172155.0 |
| 008 - FIXED-LENGTH DATA ELEMENTS--GENERAL INFORMATION | |
| fixed length control field | 230703s9999 xx 000 0 und d |
| 041 ## - LANGUAGE CODE | |
| Language code of text/sound track or separate title | eng |
| 082 ## - DEWEY DECIMAL CLASSIFICATION NUMBER | |
| Classification number | 158.1 |
| Item number | DYE |
| 100 ## - MAIN ENTRY--PERSONAL NAME | |
| Author | Dyer W W |
| 245 ## - TITLE STATEMENT | |
| Title | Your Erroneous Zones |
| 260 ## - PUBLICATION, DISTRIBUTION, ETC. | |
| Name of publisher, distributor, etc. | Harper paperback |
| Place of publication, distribution, etc. | New York |
| Date of publication, distribution, etc. | 1976 |
| 300 ## - PHYSICAL DESCRIPTION | |
| Extent | 301 |
| 500 ## - GENERAL NOTE | |
| Keywords | Personality Development<br/> |
| 942 ## - ADDED ENTRY ELEMENTS (KOHA) | |
| Koha item type | Donated Book |
| Withdrawn status | Lost status | Source of classification or shelving scheme | Damaged status | Not for loan | Home library | Current library | Date acquired | Vendor | Net Price | Full call number | Barcode | Date last seen | Actual Price | Bill Date | Koha item type | Original Barcode |
|---|---|---|---|---|---|---|---|---|---|---|---|---|---|---|---|---|
| Dewey Decimal Classification | Smt. Hiraben Nanavati Institute of Management & Research for Women | Smt. Hiraben Nanavati Institute of Management & Research for Women | 03/07/2023 | Mr. Anil Gogate | 1.00 | 158.1 DYE DB3108 | HIMR-DB-3108 | 03/07/2023 | 1.00 | 03/07/2023 | Donated Book | DB3108 | ||||
| Dewey Decimal Classification | Smt. Hiraben Nanavati Institute of Management & Research for Women | Smt. Hiraben Nanavati Institute of Management & Research for Women | 03/07/2023 | Mr. Anil Gogate | 1.00 | 158.1 DYE DB3112 | HIMR-DB-3112 | 03/07/2023 | 1.00 | 03/07/2023 | Donated Book | DB3112 |